ديوان معن بن أوس المزني / (Record no. 138718)

MARC details
000 -LEADER
fixed length control field 00539nam a22001697a 4500
005 - DATE AND TIME OF LATEST TRANSACTION
control field 20251108175630.0
008 - FIXED-LENGTH DATA ELEMENTS--GENERAL INFORMATION
fixed length control field 250721s2012 xx 000 0 ara d
082 14 - DEWEY DECIMAL CLASSIFICATION NUMBER
Classification number م/811.2/معن
100 1# - MAIN ENTRY--PERSONAL NAME
Personal name معن بن اوس، معن بن اوس بن نصر بن زياد المزني
245 10 - TITLE STATEMENT
Title ديوان معن بن أوس المزني /
264 1# - PRODUCTION, PUBLICATION, DISTRIBUTION, MANUFACTURE, AND COPYRIGHT NOTICE
Place of production, publication, distribution, manufacture بيروت :
Name of producer, publisher, distributor, manufacturer دار صادر،
Date of production, publication, distribution, manufacture, or copyright notice 2012.
300 ## - PHYSICAL DESCRIPTION
Extent 155ص.
650 17 - SUBJECT ADDED ENTRY--TOPICAL TERM
Topical term or geographic name as entry element الشعر العربي
650 17 - SUBJECT ADDED ENTRY--TOPICAL TERM
Topical term or geographic name as entry element عصر صدر الاسلام
942 ## - ADDED ENTRY ELEMENTS (KOHA)
Source of classification or shelving scheme Dewey Decimal Classification
Koha item type References
Holdings
حالة السحب حالة الفقدان مصدر التصنيف حالة التلف غير قابل للإعارة المكتبة الرئيسية المكتبة الحالية موقع الرف تاريخ التزويد الرقم المتسلسل Total Checkouts رقم الإستدعاء الباركود تاريخ آخر ظهور تاريخ الفاتورة نوع المادة (كوها)
    Dewey Decimal Classification   Not For Loan مكتبة صويلح العامة مكتبة صويلح العامة مراجع 28/07/2025 1696331   م/811.2/معن PLD00438112 28/07/2025 28/07/2025 References
Implemented & Customized by: BBB with SCIT (Smart Chains for Information Technology)

Powered by Koha